LEADER 01913nam 2200349 n 450 001 996393235203316 005 20200824121731.0 035 $a(CKB)4940000000112091 035 $a(EEBO)2240939608 035 $a(UnM)99871219e 035 $a(UnM)99871219 035 $a(EXLCZ)994940000000112091 100 $a19940922d1642 uy | 101 0 $aeng 135 $aurbn||||a|bb| 200 14$aThe speech of Denzell Holles Esquire$b[electronic resource] $eDelivered at the Lords Barr, Wednesday the 15th. of Iune. Vpon the impeachment of the Earles of North-hampton, Devon-shire, Monmouth, and Dover, and of the Lords Rich, Andever, Grey of Ruthen, Coventry and Capell, for their contempt in departing from the Parliament, and not returning upon summons. Die Mercurij, 22. Iunij, 1642. It is this day ordered that this speech shall be forthwith printed, and that no person shall print this speech, but such as M. Holles shall appoint. H. Elsyng. Cler. Parl. D. Com. I appoint that none shall print this but Thomas Vnderhill. Denzell Holles 210 $aLondon $cPrinted for Thomas Vnderhill, at the signe of the Bible in Wood-street$d1642 215 $a[2], 6 p 300 $aWing lists Thomason and Union Theological Seminary (McAlpin) copies under 1641 edition; both Thomason and McAlpin catalogues give publication date as 1642. Final digit in imprint date is either poorly inked or broken type. 300 $aReproduction of the original in the British Library. 330 $aeebo-0018 607 $aGreat Britain$xHistory$yCivil War, 1642-1649$vEarly works to 1800 700 $aHolles$b Denzil Holles$cBaron,$f1599-1680.$01001819 712 02$aEngland and Wales.$bParliament. 801 0$bCu-RivES 801 1$bCu-RivES 801 2$bCStRLIN 801 2$bWaOLN 906 $aBOOK 912 $a996393235203316 996 $aThe speech of Denzell Holles Esquire$92356545 997 $aUNISA LEADER 05082nam 2200601Ia 450 001 9910830236303321 005 20230617041837.0 010 $a1-280-52008-6 010 $a9786610520084 010 $a3-527-60415-4 010 $a3-527-60492-8 035 $a(CKB)1000000000377375 035 $a(EBL)482130 035 $a(OCoLC)68620849 035 $a(SSID)ssj0000167662 035 $a(PQKBManifestationID)11170229 035 $a(PQKBTitleCode)TC0000167662 035 $a(PQKBWorkID)10178996 035 $a(PQKB)10459675 035 $a(MiAaPQ)EBC482130 035 $a(EXLCZ)991000000000377375 100 $a20040807d2005 fy 0 101 0 $aeng 135 $aur|n|---||||| 181 $ctxt 182 $cc 183 $acr 200 10$aHandbook of holographic interferometry$b[electronic resource] $eoptical and digital methods /$fThomas Kreis 210 $aWeinheim $cWiley-VCH$dc2005 215 $a1 online resource (556 p.) 300 $aDescription based upon print version of record. 311 $a3-527-40546-1 320 $aIncludes bibliographical references (p. [463]-511) and indexes. 327 $aHandbook of Holographic Interferometry Optical and Digital Methods; Contents; Preface; 1 Introduction; 1.1 Scope of the Book; 1.2 Historical Developments; 1.3 Holographic Interferometry as a Measurement Tool; 2 Optical Foundations of Holography; 2.1 Light Waves; 2.1.1 Solutions of the Wave Equation; 2.1.2 Intensity; 2.2 Interference of Light; 2.2.1 Interference of Two Waves with Equal Frequency; 2.2.2 Interference of Two Waves with Different Frequencies; 2.2.3 Interference of Two Waves with Different Amplitudes; 2.3 Coherence; 2.3.1 Temporal Coherence; 2.3.2 Spatial Coherence 327 $a2.4 Scalar Diffraction Theory2.4.1 Fresnel-Kirchhoff Diffraction Formula; 2.4.2 Fresnel Approximation; 2.4.3 Fraunhofer Approximation; 2.4.4 Thin Lens; 2.4.5 Propagation of Light Waves as a Linear System; 2.5 Speckles; 2.5.1 Statistics of Speckle Intensity and Phase; 2.5.2 Speckle Size; 2.6 Holographic Recording and Optical Reconstruction; 2.6.1 Hologram Recording; 2.6.2 Optical Reconstruction of a Wave Field; 2.6.3 Holographic Imaging Equations; 2.6.4 Types of Holograms; 2.7 Elements of the Holographic Setup; 2.7.1 Laser; 2.7.2 Recording Media; 2.7.3 Optical Components 327 $a2.7.4 Beam Modulating Components2.8 CCD- and CMOS-Arrays; 2.8.1 CCD Concept; 2.8.2 CCD Array Performance Parameters; 2.8.3 CMOS Image Sensors; 2.8.4 Spatial Sampling with CCD-Arrays; 2.8.5 Color Still Cameras; 3 Digital Recording and Numerical Reconstruction of Wave Fields; 3.1 Digital Recording of Holograms; 3.1.1 CCD Recording and Sampling; 3.1.2 Reduction of the Imaging Angle; 3.1.3 Reference Waves; 3.2 Numerical Reconstruction by the Fresnel Transform; 3.2.1 Wave Field Reconstruction by the Finite Discrete Fresnel Transform; 3.2.2 Real and Virtual Image 327 $a3.2.3 Digital Fourier Transform Holography3.2.4 The D.C.-Term of the Fresnel Transform; 3.2.5 Suppression of the D.C.-Term; 3.2.6 Suppression of the Twin Image; 3.2.7 Variation of the Reference Wave; 3.2.8 Anamorphic Correction; 3.3 Numerical Reconstruction by the Convolution Approach; 3.3.1 The Diffraction Integral as a Convolution; 3.3.2 Size of the Image Field; 3.3.3 Shifting of the Image Field; 3.3.4 Scaling of the Image Field; 3.4 Further Numerical Reconstruction Methods; 3.4.1 Phase-Shifting Digital Holography; 3.4.2 Local Amplitude and Phase Retrieval 327 $a3.4.3 Wavelet Approach to Numerical Reconstruction3.4.4 Comparison of Reconstruction Methods; 3.4.5 Hologram Recording Using Consumer Cameras; 3.5 Wave-Optics Analysis of Digital Holography; 3.5.1 Frequency Analysis of Digital Holography with Reconstruction by Fresnel Transform; 3.5.2 Frequency Analysis of Digital Holography with Reconstruction by Convolution; 3.5.3 The Transfer Function as a Filter; 3.6 Non-Interferometric Applications of Digital Holography; 3.6.1 Particle Analysis by Digital Holography; 3.6.2 Microscopy by Digital Holography; 3.6.3 Data Encryption with Digital Holography 327 $a4 Holographic Interferometry 330 $aThe book presents the principles and methods of holographic interferometry - a coherent-optical measurement technique for deformation and stress analysis, for the determination of refractive-index distributions, or applied to non-destructive testing. Emphasis of the book is on the quantitative computer-aided evaluation of the holographic interferograms. Based upon wave-optics the evaluation methods, their implementation in computer-algorithms, and their applications in engineering are described. 606 $aHolographic interferometry 606 $aCivil engineering 615 0$aHolographic interferometry. 615 0$aCivil engineering. 676 $a621.3675 700 $aKreis$b Thomas$f1952-$01638533 801 0$bMiAaPQ 801 1$bMiAaPQ 801 2$bMiAaPQ 906 $aBOOK 912 $a9910830236303321 996 $aHandbook of holographic interferometry$93981032 997 $aUNINA